000 01427nam0a2200301 4500
001 RU\NLR\bibl\93647
005 20260408192756.0
035 _a(NLR Aleph) 000091513
090 _a513590
_c513590
100 _a20000621d2000 |||y0rusy50 ca
101 0 _arus
102 _aRU
105 _ac |||||||||
200 1 _aАмурские писатели
_eБиблиогр. указ.
_fАмур. обл. б-ка. Информ.-библиогр. отд.
_g[Сост.: Г.В. Аверина, Т.И. Доморацкая
_gРед. Л.П. Кочнева]
210 _aБлаговещенск
_cЗея
_d2000
215 _a71 с.
_cпортр.
_d20
606 _aРусская советская литература
_jБиблиография
_yАмурская область
_92179488
_3RU\NLR\auth\661310734
686 _aШ5(2=Р)7-379я1
702 1 _aАверина
_bГ. В.
_4220
702 1 _aКочнева
_bЛ. П.
_4340
712 0 2 _4570
_aАмурская областная научная библиотека им. Н. Н. Муравьева-Амурского
_bИнформационно-библиографический отдел
_cБлаговещенск
_9551567
_3RU\NLR\AUTH\8810026689
801 0 _aRU
_bNLR
_c20000621
_gPSBO
801 1 _aRU
_bNLR
_c20000621
852 _aNLR
_jС К-1/7990
942 _cBOOK
980 _aNB